Представление документа в формате MARC21

ПолеНазваниеЗначение
  Тип записи a
  Библиографический уровень m
001 Контрольный номер RU\infra-m\znanium\bibl\2225636
005 Дата корректировки 20260429142351.7
008 Кодируемые данные 250916s2025 RU g rus u
020 Индекс ISBN __
a ISBN 978-5-16-006265-5
020 Индекс ISBN __
a ISBN 978-5-16-104023-2 (электр. издание)
040 Источник каталогиз. __
a Служба первич. каталог. Общество с ограниченной ответственностью «ЗНАНИУМ»
041 Код языка издания __
a Код языка текста rus
044 Код страны публикации __
a Код страны публикации RU
080 Индекс УДК __
a Индекс УДК 332.83
084 Индекс другой классификации/Индекс ББК __
2 Источник индекса rubbk
a Индекс другой классификации/Индекс ББК 65.315
084 Индекс другой классификации/Индекс ББК __
2 Источник индекса okso
a Индекс другой классификации/Индекс ББК 08.03.01
084 Индекс другой классификации/Индекс ББК __
2 Источник индекса okso
a Индекс другой классификации/Индекс ББК 08.04.01
084 Индекс другой классификации/Индекс ББК __
2 Источник индекса okso
a Индекс другой классификации/Индекс ББК 08.06.01
100 Автор __
a Автор Баронин С. А.
q Полное имя Баронин Сергей Александрович
u Дополнение Пензенский государственный университет архитектуры и строительства
245 Заглавие __
a Заглавие Проблемы и тенденции развития малоэтажного жилищного строительства России
b Продолж. заглавия Монография
c Ответственность Пензенский государственный университет архитектуры и строительства; Пензенский государственный университет архитектуры и строительства
250 Сведения об издании __
a Основные сведения об издании 1
260 Выходные данные __
a Место издания Москва
b Издательство ООО "Научно-издательский центр ИНФРА-М"
c Дата издания 2026
300 Физическое описание __
a Объем 239 с.
440 Серия __
a Серия Научная мысль
520 Аннотация __
a Аннотация В монографии представлены научно-практические материалы исследований проблемных вопросов развития малоэтажного жилищного строительства России проанализирован зарубежный опыт в этой области сделан общий прогноз развития рынка малоэтажного жилья. Для научно-практических специалистов по малоэтажному жилищному строительству государственных и муниципальных служащих топ-менеджеров и сотрудников девелоперских компаний а также для студентов магистров аспирантов и прочих специалистов заинтересованных в повышении своих компетенций в области проблемных аспектов развития малоэтажного жилищного строительства России.
521 Примеч. о цел. назн. __
a Примеч. о целев. назн. Дополнительное профессиональное образование
650 Тематические рубрики __
a Основная рубрика Строительство
x Основная подрубрика Теоретические и практические основы строительства
655 Указ. предметных рубрик (устаревшее) __
a Жанр/ форма (устаревшее) Монография
700 Другие авторы __
a Другие авторы Николаева Е. Л.
q Полное имя Николаева Елена Леонидовна
700 Другие авторы __
a Другие авторы Черных А. Г.
q Полное имя Черных Александр Григорьевич
u Дополнение Санкт-Петербургский государственный архитектурно-строительный университет
700 Другие авторы __
a Другие авторы Казейкин В.С.
q Полное имя Казейкин Валерий Семенович
856 Электронный адрес документа 4_
a Имя сервера/домена znanium.ru
m Помощь ebs_support@infra-m.ru
n Местонахождение сервера НИЦ ИНФРА-М
u URL https://znanium.ru/catalog/document?id=469735
856 Электронный адрес документа 48
a Имя сервера/домена znanium.ru
d Путь /cover/2225
f Электронное имя 2225636.jpg
q Тип электронного формата image/jpeg
u URL https://znanium.ru/cover/2225/2225636.jpg
911 __
u 0030=https://znanium.ru/catalog/document?id=469735
911 __
u 712a=Пензенский государственный университет архитектуры и строительства